000
00256nam a22001097a 4500
003
SGT
100
_a
JAIN, M. L.
245
_a
ADVANCED CALCULUS BA/ BSc.-2 SEM-3
260
_a
NEW DELHI
_b
JEEVANSONS PUBLICATION
_c
2016
300
_a
V.P.
942
_2
ddc
_c
FPS
_0
1
999
_c
10087
_d
10087